000 00471pab a2200181 454500
008 180718b2004 xxu||||| |||| 00| 0 eng d
100 _aKaur, Ravinder
245 _aAcross-region marriages: poverty, female migration and the sex ratio
260 _c2004
300 _ap.2595-603.
362 _a19 Jun
650 _aSex distribution
650 _aMigration
650 _aPoverty
650 _aMarriage
773 _aEconomic and Political Weekly
909 _a61196
999 _c61196
_d61196